ウマ娘クイズ - Statistics

General Stats
  • This quiz has been taken 2,317 times
    110 since last reset
  • The average score is 89 of 146
Answer Stats
答える % Correct
ゴールドシップ
88%
オグリキャップ
86%
スペシャルウィーク
86%
メジロマックイーン
86%
シンボリルドルフ
84%
アグネスタキオン
83%
サイレンススズカ
83%
ダイワスカーレット
83%
アグネスデジタル
81%
ウオッカ
81%
サクラチヨノオー
81%
サクラバクシンオー
81%
セイウンスカイ
81%
トウカイテイオー
81%
キタサンブラック
79%
テイエムオペラオー
79%
エルコンドルパサー
78%
ナリタブライアン
78%
ハルウララ
78%
メジロライアン
78%
タマモクロス
76%
アーモンドアイ
74%
オルフェーヴル
74%
キングヘイロー
74%
シンボリクリスエス
74%
ジャングルポケット
74%
アイネスフウジン
72%
アドマイヤベガ
72%
イナリワン
72%
エアグルーヴ
72%
ゴールドシチー
72%
サクラローレル
72%
ナリタトップロード
72%
メジロアルダン
72%
グラスワンダー
71%
サトノダイヤモンド
71%
スーパークリーク
71%
ライスシャワー
71%
シリウスシンボリ
69%
ナリタタイシン
69%
アドマイヤグルーヴ
67%
エアシャカール
67%
ステイゴールド
67%
ツインターボ
67%
ナイスネイチャ
67%
ヒシアマゾン
67%
マチカネタンホイザ
67%
マチカネフクキタル
67%
マヤノトップガン
67%
メジロブライト
67%
メジロラモーヌ
67%
イクノディクタス
66%
ジェンティルドンナ
66%
タイキシャトル
66%
デアリングタクト
66%
ヒシミラクル
66%
ビワハヤヒデ
66%
マンハッタンカフェ
66%
メジロドーベル
66%
カレンチャン
64%
タップダンスシチー
64%
ニシノフラワー
64%
ヒシアケボノ
64%
メイショウドトウ
64%
スマートファルコン
62%
ドリームジャーニー
62%
ホッコータルマエ
62%
メジロパーマー
62%
ヤエノムテキ
62%
ヴィブロス
62%
ウイニングチケット
60%
カルストンライトオ
60%
シュヴァルグラン
60%
フジキセキ
60%
ヴィルシーナ
60%
アストンマーチャン
59%
エアメサイア
59%
エイシンフラッシュ
59%
コパノリッキー
59%
スティルインラブ
59%
スピードシンボリ
59%
ナカヤマフェスタ
59%
ノーリーズン
59%
フェノーメノ
59%
フォーエバーヤング
59%
ミホノブルボン
59%
ラッキーライラック
59%
ケイエスミラクル
57%
ダイタクヘリオス
57%
デュランダル
57%
ネオユニヴァース
57%
ファインモーション
57%
マルゼンスキー
57%
ミスターシービー
57%
ラヴズオンリーユー
57%
ヴィクトワールピサ
57%
ウインバリアシオン
55%
グランアレグリア
55%
サクラチトセオー
55%
ゼンノロブロイ
55%
タニノギムレット
55%
デアリングハート
55%
バンブーメモリー
55%
ビリーヴ
55%
エスポワールシチー
53%
シーキングザパール
53%
シーザリオ
53%
ダイイチルビー
53%
ツルマルツヨシ
53%
トランセンド
53%
トーセンジョーダン
53%
ユキノビジン
53%
ラインクラフト
53%
ワンダーアキュート
53%
クロノジェネシス
52%
ハイセイコー
52%
ブエナビスタ
52%
カワカミプリンセス
50%
キセキ
50%
サトノクラウン
50%
カレンブーケドール
48%
サウンズオブアース
48%
シンコウウインディ
48%
スイープトウショウ
48%
ダンツフレーム
48%
ドゥラメンテ
48%
ビコーペガサス
48%
マルシュロレーヌ
48%
カツラギエース
47%
ロイスアンドロイス
47%
セントライト
45%
ノースフライト
45%
ブラストワンピース
45%
マーベラスサンデー
43%
ルーラーシップ
43%
レッドディザイア
43%
エピファネイア
41%
フサイチパンドラ
41%
フリオーソ
41%
ヤマニンゼファー
41%
ローズキングダム
41%
バブルガムフェロー
36%
ロゴタイプ
34%
サムソンビッグ
33%
モンジュー
29%
カジノドライヴ
26%
No matching quizzes found
Score Distribution
Percent of People with Each Score
Percentile by Number Answered
Your Score History
You have not taken this quiz since the last reset